000 00323nam a22000977a 4500
008 150624b xxu||||| |||| 00| 0 eng d
010 _8HCCRSARF:008
245 _aHIGH COURT CRIMINAL SESSION NO.633 OF 1969 Uganda Vs Eduardo Ladu Modi s/o Laku
260 _aHigh Court Kampala
500 _3BEFORE: Hon. Chief Justice D.J. Sheridan
999 _c6688
_d6688